The Váh Waterway and its Economic and Environmental Impacts in Slovakia

Sektor dopravy je jedným z hlavných zdrojov emisií na Slovensku. Cieľom Slovenska je zlepšiť ekologickú efektivitu dopravy a znížiť emisie produkované cestnou, železničnou a leteckou dopravou. Efektívna a udržateľná doprava je kľúčovým faktorom pre zníženie celkových emisií z dopravy a pre zlepšenie...

Ausführliche Beschreibung

Gespeichert in:
Bibliographische Detailangaben
1. Verfasser: Kubica, Milan, 1958-
Weitere Verfasser: Bereš, Ján
Format: Buchkapitel
Sprache:Englisch
Schlagworte:
Tags: Tag hinzufügen
Keine Tags, Fügen Sie das erste Tag hinzu!

MARC

LEADER 00000naa$a2200000$$$4500
001 0306009
005 20250109135526.7
041 0 |a eng 
044 |a CZ 
245 1 0 |a The Váh Waterway and its Economic and Environmental Impacts in Slovakia  |c Milan Kubica, Ján Bereš 
520 |a Sektor dopravy je jedným z hlavných zdrojov emisií na Slovensku. Cieľom Slovenska je zlepšiť ekologickú efektivitu dopravy a znížiť emisie produkované cestnou, železničnou a leteckou dopravou. Efektívna a udržateľná doprava je kľúčovým faktorom pre zníženie celkových emisií z dopravy a pre zlepšenie kvality ovzdušia. Cieľom by tak malo byť zvýšenie podielu ekologických dopravných prostriedkov v rámci logistických reťazcov s využitím napr. nízkoemisné kamióny alebo vodná doprava. 
610 2 0 |a doprava vodná 
610 2 0 |a doprava vodná nákladná 
610 2 0 |a environmentalistika 
610 2 0 |a emisie 
610 2 0 |a doprava automobilová nákladná 
610 2 0 |a prostredie životné 
100 1 |a Kubica, Milan, 1958- 
700 1 |a Bereš, Ján